| Поле | Название | Значение |
| |
Тип записи |
a |
| |
Библиографический уровень |
m |
| 001 |
Контрольный номер |
a5cc060fd45b49cd9489db8571db2060 |
| 005 |
Дата корректировки |
20140714144529.3 |
| 010 |
Индекс ISBN |
__ |
| a |
ISBN |
5-16-000761-Х |
| 200 |
Заглавие и сведения об ответственности |
1_ |
| a |
Заглавие |
Управление современной компанией |
| e |
Сведения, относящиеся к заглавию |
Учеб. для вузов |
| f |
Первые сведения об ответственности |
Б.Мильнер,Ф.Лиис,С.Мясоедов и др.;Под ред.Б.Мильнера,Ф.Лииса |
| 210 |
Выходные данные |
1_ |
| a |
Место издания |
М. |
| c |
Издательство |
ИНФРА-М |
| d |
Дата издания |
2001 |
| 215 |
Физическое описание |
__ |
| a |
Объем |
585 с. |
| 610 |
Ключевые слова |
0_ |
| a |
Ключевые слова |
управление компанией |
| 610 |
Ключевые слова |
0_ |
| a |
Ключевые слова |
механизмы управления |
| 610 |
Ключевые слова |
0_ |
| a |
Ключевые слова |
маркетинг |
| 610 |
Ключевые слова |
0_ |
| a |
Ключевые слова |
бизнес-план |
| 610 |
Ключевые слова |
0_ |
| a |
Ключевые слова |
принятие управленческих решений |
| 610 |
Ключевые слова |
0_ |
| a |
Ключевые слова |
стратегическое планирование |
| 610 |
Ключевые слова |
0_ |
| a |
Ключевые слова |
корпоративное управление |
| 610 |
Ключевые слова |
0_ |
| a |
Ключевые слова |
электронный бизнес |
| 610 |
Ключевые слова |
0_ |
| a |
Ключевые слова |
информационные системы управления |
| 686 |
Индексы других классификаций |
__ |
| a |
Классификационный индекс |
65.050 |
| 2 |
Код системы |
rubbk |
| 686 |
Индексы других классификаций |
__ |
| a |
Классификационный индекс |
65.050.8я73 |
| 2 |
Код системы |
rubbk |
| 801 |
Источник записи |
_0 |
| a |
Страна |
RU |
| b |
Организация |
РУК |
| c |
Дата составления |
20020617 |
| g |
Правила каталогизации |
PSBO |
| 801 |
Источник записи |
_1 |
| a |
Страна |
RU |
| b |
Организация |
РУК |
| c |
Дата составления |
20020617 |
| g |
Правила каталогизации |
PSBO |
| 852 |
Данные о местонахождении |
__ |
| i |
Авторский знак |
У67 |
| j |
Шифр хранения |
ББК 65.050 |
| 901 |
Тип документа |
__ |
| t |
Тип документа |
m |
| 938 |
Служебная информация |
__ |
| a |
Название организации |
Головной вуз |
| b |
Имя БД |
BOOK |
| c |
Название АИБС |
АИБС ИРБИС |